Πληροφοριακά συστήματα διοίκησης στην πράξη David M. Kroenke & Randall J. Boyle ; επιμέλεια - πρόλογος ελληνικής έκδοσης Κωνσταντίνος Ταραμπάνης, Ιωάννης Πολλάλης & Αθηνά Λαζακίδου.

Αποθηκεύτηκε σε:
Λεπτομέρειες βιβλιογραφικής εγγραφής
Κύριος συγγραφέας: Kroenke, David
Άλλοι συγγραφείς: Boyle, Randall J., Ταραμπάνης, Κωνσταντίνος (Επιμελητής έκδοσης, Συγγραφέας εισαγωγής κ.λπ.), Λαζακίδου, Αθηνά Α. (edtf, trlf), Πολλάλης, Γιαννης Α. (Επιμελητής έκδοσης, Συγγραφέας εισαγωγής κ.λπ.)
Μορφή: Βιβλίο
Γλώσσα:Greek
English
Δημοσίευση: Αθήνα : Πασχαλίδης, c2017.
Θέματα:
Ετικέτες: Προσθήκη ετικέτας
Δεν υπάρχουν, Καταχωρήστε ετικέτα πρώτοι!

MARC

LEADER 00000cam a2200000 a 4500
001 1/118036
008 190208t2017####gr | ||| |||| ||gre||
020 |a 9789963274048   |q (χαρτόδετο)  
040 |a GR-MyUa  |b gre  |c GR-MyUa  |e AACR2 
041 1 |a gre  |h eng 
082 7 |a 658.4038011   |2 (23)  
100 1 |a Kroenke, David. 
245 1 0 |a Πληροφοριακά συστήματα διοίκησης στην πράξη /   |b David M. Kroenke & Randall J. Boyle ; επιμέλεια - πρόλογος ελληνικής έκδοσης Κωνσταντίνος Ταραμπάνης, Ιωάννης Πολλάλης & Αθηνά Λαζακίδου.  
260 |a Αθήνα :   |b Πασχαλίδης,   |c c2017.  
300 |a 886 σ. :   |b έγχρ. εικ. ;   |c 28 εκ.  
504 |a Περιλαμβάνει βιβλιογραφικές παραπομπές και ευρετήριο.  
650 0 |a Management information systems. 
700 1 |a Boyle, Randall J. 
700 1 |a Ταραμπάνης, Κωνσταντίνος,  |e edt  |e aui 
700 1 |a Λαζακίδου, Αθηνά Α.  |e edtf  |e trlf 
700 1 |a Πολλάλης, Γιαννης Α.  |e edt  |e aui 
852 |a INST  |b CHIOS  |c EUDOXUS  |e 20190208  |h 658.4038011 KRO  |p 005200038597  |q 005200038597  |t BK  |y 0 
852 |a INST  |b CHIOS  |c EUDOXUS  |e 20210702  |h 658.4038011 KRO  |p 005200039656  |q 005200039656  |t BK  |y 0 
852 |a INST  |b SAMOS  |c EUDOXUS  |e 20190527  |h 658.4038011 KRO  |p 005300045993  |q 005300045993  |t EDX  |y 0 
920 |a Εύδοξος  |b Παραγγελία  |y Χίος-ΤΟΔΙΤ  |z 2019-02 
920 |a Εύδοξος  |b Παραγγελία  |y Σάμος-ΤΣΑΧΜ  |z 2019-05 
970 |a Σπέντζα  |b Ελένη  |z 08-02-2019